000 00217 a2200097 4500
001 48602
100 _aTerraine, J
245 _aThe right of the line
260 _aLondon
_bHodder stoughton
_c
090 _c31529
_d31529
942 _aNUST-CAE
_cM
_c23924
999 _c283675
_d283675